| Registos Bibliográficos associados ao registo de autoridade |
|
Etiqueta de registo: 00000nkm 2200025 450 001 2257525 003 http://id.bnportugal.gov.pt/bib/catbnp/2257525 100 ## $a20260130d1989 m y0pory01030103ba 101 0# $apor 102 ## $aPT 200 1# $aIII Encontro de Teatro, Câmara Municipal de Cascais, Teatro Gil Vicente, 30 novembro
- 9 dezembro 89$bVisual gráfico]$fCâmara Municipal de Cascais 210 #9 $aCascais$cCâmara Municipal de Cascais,$d1989 215 ## $a1 cartaz$ccolor.$d56,7x38,5 cm 317 ## $aColeção Madeira Luís 675 ## $a766(=1:469)"1989"(084.5)$vBN$zpor$31802165 710 02 $aEncontro de Teatro$b3$eCascais$f1989$31993979 712 02 $aCâmara Municipal de Cascais$34253 801 #0 $aPT$bBN$gRPC 966 ## $lBN$mICONOG$sCT. 18679 A.$x3 971 ## $cCaticonografia3$d20260130 995 ## $aPRR2026 $d20260130$iCaticonografia3
|
|
|